| 000 | 00523nam a2200193Ia 4500 | ||
|---|---|---|---|
| 003 | OSt | ||
| 005 | 20221007083206.0 | ||
| 006 | a|||||r|||| 00| 0 | ||
| 007 | ta | ||
| 008 | 221006b |||||||| |||| 00| 0 eng d | ||
| 024 | _a23,055 | ||
| 037 | _cDissertations | ||
| 040 |
_aFLL _cFLL _beng |
||
| 041 |
_2eng _aeng |
||
| 100 |
_aKumar Lokesh _9700438 |
||
| 245 | 0 | _aConversion and inter-personal conflict of laws in marraige and divorce in India | |
| 942 |
_cDIS _2CC |
||
| 999 |
_c1169175 _d1169175 |
||